Bulgaria Immigration by Country - Statistics

General Stats
  • This quiz has been taken 2,185 times
  • The average score is 16 of 20
Answer Stats
# People Country % Correct
9,992 United Kingdom
98%
11,702 Turkey
97%
4,556 Romania
96%
31,679 Russia
96%
8,563 Greece
95%
2,879 Serbia
93%
10,115 Ukraine
92%
9,334 Germany
90%
2,614 France
88%
7,098 Spain
88%
3,790 Italy
86%
3,595 North Macedonia
86%
3,153 United States
85%
2,043 Poland
77%
2,990 Moldova
74%
14,080 Syria
64%
1,840 Armenia
54%
2,199 Belgium
46%
2,103 Azerbaijan
45%
2,101 Kazakhstan
40%
No matching quizzes found
Score Distribution
Percent of People with Each Score
Percentile by Number Answered
Your Score History
You have not taken this quiz